000
00292nam a2200121Ia 4500
008
220204s9999 xx 000 0 und d
082
_a
581.9(544.6)
_b
SHI
100
_a
Shiva Sharma, B
245
0
_a
Flora of North-East Rajasthan
260
_b
Kalyani
_c
1979
700
_a
Tiagi
942
_c
BK
999
_c
32099
_d
32099